Meilleurs pays du monde en canoë-kayak - Statistiques

Statistiques générales
  • Ce quiz a été pris 58 fois
  • Le résultat moyen est 21 sur 30
Statistiques - réponses
Rang Nombre de victoires Pays % Correct
Championnats du monde 4 223 France
100%
Jeux olympiques 3 36 France
100%
Cumul JO et Championnats du monde 4 259 France
100%
Championnats du monde 1 829 Allemagne
88%
Jeux olympiques 1 107 Allemagne
88%
Cumul JO et Championnats du monde 1 936 Allemagne
88%
Championnats du monde 10 118 Espagne
86%
Jeux olympiques 10 20 Espagne
86%
Cumul JO et Championnats du monde 10 138 Espagne
86%
Championnats du monde 6 181 Royaume-Uni
82%
Cumul JO et Championnats du monde 6 200 Royaume-Uni
82%
Jeux olympiques 6 27 Australie
73%
Championnats du monde 7 174 Russie
73%
Cumul JO et Championnats du monde 7 187 Russie
73%
Championnats du monde 8 151 Tchéquie
71%
Cumul JO et Championnats du monde 8 168 Tchéquie
71%
Jeux olympiques 7 26 Canada
69%
Jeux olympiques 9 20 Slovaquie
69%
Championnats du monde 3 245 Pologne
61%
Jeux olympiques 8 22 Pologne
61%
Cumul JO et Championnats du monde 3 267 Pologne
61%
Championnats du monde 2 513 Hongrie
53%
Jeux olympiques 2 86 Hongrie
53%
Cumul JO et Championnats du monde 2 599 Hongrie
53%
Championnats du monde 9 120 Suède
47%
Jeux olympiques 5 30 Suède
47%
Cumul JO et Championnats du monde 9 150 Suède
47%
Championnats du monde 5 201 Roumanie
39%
Jeux olympiques 4 34 Roumanie
39%
Cumul JO et Championnats du monde 5 235 Roumanie
39%
Aucun quiz correspondant
Distribution des résultats
% des personnes avec chaque résultat
Percentile par nombre de réponses
Votre historique - résultats
Vous n’avez pas pris ce quiz